A textbook of basic drawing for architects and civil engineers / (Record no. 2574)

MARC details
000 -LEADER
fixed length control field 00618nam a22002057a 4500
005 - DATE AND TIME OF LATEST TRANSACTION
control field 20260324073712.0
008 - FIXED-LENGTH DATA ELEMENTS--GENERAL INFORMATION
fixed length control field 260324b |||||||| |||| 00| 0 eng d
020 ## - INTERNATIONAL STANDARD BOOK NUMBER
International Standard Book Number 978-93-5014-575-3
082 ## - DEWEY DECIMAL CLASSIFICATION NUMBER
Classification number 604.2 Si579 2024
100 ## - MAIN ENTRY--PERSONAL NAME
Personal name Sikka, V.B.
9 (RLIN) 434
245 ## - TITLE STATEMENT
Title A textbook of basic drawing for architects and civil engineers /
Statement of responsibility, etc. V.B. Sikka
250 ## - EDITION STATEMENT
Edition statement 1st ed.
260 ## - PUBLICATION, DISTRIBUTION, ETC.
Place of publication, distribution, etc. New Delhi, IN:
Name of publisher, distributor, etc. S.K. Kataria,
Date of publication, distribution, etc. 2024
300 ## - PHYSICAL DESCRIPTION
Extent x, 363p.:
Other physical details ill.
500 ## - GENERAL NOTE
General note Originally published: S.K. Kataria, 2015
504 ## - BIBLIOGRAPHY, ETC. NOTE
Bibliography, etc. note Includes index
541 ## - IMMEDIATE SOURCE OF ACQUISITION NOTE
Accession number 7980 c.1
650 ## - SUBJECT ADDED ENTRY--TOPICAL TERM
Topical term or geographic name entry element Mechanical drawing
9 (RLIN) 365
650 ## - SUBJECT ADDED ENTRY--TOPICAL TERM
Topical term or geographic name entry element Drawing
9 (RLIN) 435
Holdings
Withdrawn status Lost status Source of classification or shelving scheme Damaged status Not for loan Home library Current library Date acquired Total Checkouts Full call number Barcode Date last seen Copy number Price effective from Koha item type
    Dewey Decimal Classification     ctu-moalboal ctu-moalboal 06/20/2024   604.2 Si579 2024 7980 03/24/2026 1 03/24/2026 Books-Reference